Used to, unit 26; teacher's book /

Guardado en:
Autor Principal: Heaton, J. B.
Formato: Libro
Publicado: Inglaterra : Longman, 1974
Materias:
Etiquetas: Agregar Etiqueta
Sin Etiquetas, Sea el primero en etiquetar este registro!
LEADER 00450nam a22001695a 4500
001 CEM.cems007450
005 20060214000000.0
008 130507s1974##################000#0#####d
003 CEMS
082 0 4 |a 425 
100 1 |a Heaton, J. B. 
245 1 0 |a Used to, unit 26; teacher's book / 
260 |a Inglaterra :  |b Longman,  |c 1974 
300 |a 77 p. 
653 |a Ingles 
653 |a Ingles-gramática 
859 |a CEMS  |b BIB. CEMS - 11 de abril  |h 425  |i H352  |p 17326.93  |t Ej.1